Eppie : (Запис № 493369)
[ простий вигляд ]
| 000 -LEADER | |
|---|---|
| fixed length control field | 01476cam a2200361 a 4500 |
| 001 - CONTROL NUMBER | |
| control field | eppiestoryofannl00howa |
| 003 - CONTROL NUMBER IDENTIFIER | |
| control field | CaSfIA |
| 005 - DATE AND TIME OF LATEST TRANSACTION | |
| control field | 20210118004818.0 |
| 007 - PHYSICAL DESCRIPTION FIXED FIELD--GENERAL INFORMATION | |
| fixed length control field | cr|||| |
| 008 - FIXED-LENGTH DATA ELEMENTS--GENERAL INFORMATION | |
| fixed length control field | 820304s1982 nyuaf 000 0beng |
| 010 ## - LIBRARY OF CONGRESS CONTROL NUMBER | |
| LC control number | 82003816 |
| 040 ## - CATALOGING SOURCE | |
| Original cataloging agency | DLC |
| Transcribing agency | DLC |
| Modifying agency | BTCTA |
| -- | BAKER |
| -- | OCLCG |
| -- | CaSfIA |
| 020 ## - INTERNATIONAL STANDARD BOOK NUMBER | |
| International Standard Book Number | 0399126880 : |
| Terms of availability | $13.95 |
| 020 ## - INTERNATIONAL STANDARD BOOK NUMBER | |
| International Standard Book Number | 9780399126888 |
| 035 ## - SYSTEM CONTROL NUMBER | |
| System control number | (OCoLC)8282863 |
| 043 ## - GEOGRAPHIC AREA CODE | |
| Geographic area code | n-us--- |
| 050 00 - LIBRARY OF CONGRESS CALL NUMBER | |
| Classification number | PN4874.L23 |
| Item number | H68 1982 |
| 082 14 - DEWEY DECIMAL CLASSIFICATION NUMBER | |
| Classification number | 070/.92/4 |
| -- | B |
| Edition number | 19 |
| 029 1# - (OCLC) | |
| OCLC library identifier | NZ1 |
| System control number | 2649084 |
| 029 1# - (OCLC) | |
| OCLC library identifier | AU@ |
| System control number | 000002192398 |
| 029 1# - (OCLC) | |
| OCLC library identifier | HEBIS |
| System control number | 048708399 |
| 100 1# - MAIN ENTRY--PERSONAL NAME | |
| Personal name | Howard, Margo, |
| Dates associated with a name | 1940- |
| 245 10 - TITLE STATEMENT | |
| Title | Eppie : |
| Medium | [electronic resource] |
| Remainder of title | the story of Ann Landers / |
| Statement of responsibility, etc | by Margo Howard. |
| 260 ## - PUBLICATION, DISTRIBUTION, ETC. (IMPRINT) | |
| Place of publication, distribution, etc | New York : |
| Name of publisher, distributor, etc | Putnam, |
| Date of publication, distribution, etc | c1982. |
| 300 ## - PHYSICAL DESCRIPTION | |
| Extent | 253 p., [8] p. of plates : |
| Other physical details | ill. ; |
| Dimensions | 23 cm. |
| 506 ## - RESTRICTIONS ON ACCESS NOTE | |
| Standardized terminology for access restriction | Необхідна авторизація на https://archive.org/ (створення облікового запису безкоштовно) |
| 506 ## - RESTRICTIONS ON ACCESS NOTE | |
| Standardized terminology for access restriction | Необхідна авторизація на https://openlibrary.org/ (створення облікового запису безкоштовно) |
| 600 10 - SUBJECT ADDED ENTRY--PERSONAL NAME | |
| Personal name | Landers, Ann. |
| 650 #0 - SUBJECT ADDED ENTRY--TOPICAL TERM | |
| Topical term or geographic name as entry element | Advice columnists |
| Geographic subdivision | United States |
| Form subdivision | Biography. |
| 856 41 - ELECTRONIC LOCATION AND ACCESS | |
| Uniform Resource Identifier | <a href="http://www.archive.org/details/eppiestoryofannl00howa">http://www.archive.org/details/eppiestoryofannl00howa</a> |
| Public note | Free eBook from the Internet Archive |
| 856 42 - ELECTRONIC LOCATION AND ACCESS | |
| Uniform Resource Identifier | <a href="http://www.openlibrary.org/books/OL3484337M">http://www.openlibrary.org/books/OL3484337M</a> |
| Public note | Additional information and access via Open Library |
| 942 ## - ADDED ENTRY ELEMENTS (KOHA) | |
| Koha item type | ЕКнига |
Немає доступних примірників.